000 00619nam a2200229 a 4500
005 20140310183315.0
008 051025s19uu xx 00 eng d
050 _aHQ 1236.5.P6
_b.Un54 1998
110 _aCMFR
245 _aUndertanding women and politics :
_ba guide for media /
260 _aQuezon City :
_bCenter for Media Freedom & Responsibility,
_c1998.
300 _a51 p. :
_bill. ;
_c23 cm.
521 _aMC
650 _aWomen in politics
_xPhilippines.
942 _cBK
_2lcc
_kLOC
999 _c21261
_d21261